ბათუმის შოთა რუსთაველის სახელმწიფო უნივერსიტეტის ბიბლიოთეკა

Essential concepts in clinical research : (ბიბ.ჩანაწერი № 57409)

000 -LEADER
fixed length control field 00876cam a2200229 i 4500
001 - CONTROL NUMBER
control field 21377146
005 - DATE AND TIME OF LATEST TRANSACTION
control field 20221105200514.0
008 - FIXED-LENGTH DATA ELEMENTS--GENERAL INFORMATION
fixed length control field 200108s20192019stka b 001 0 eng c
020 ## - INTERNATIONAL STANDARD BOOK NUMBER
International Standard Book Number 9780702073946 1
Qualifying information
041 ## - LANGUAGE CODE
Language code of text/sound track or separate title eng
080 ## - UNIVERSAL DECIMAL CLASSIFICATION NUMBER
Universal Decimal Classification number 61+614 S-31
100 1# - MAIN ENTRY--PERSONAL NAME
Personal name Schulz, Kenneth F.,
Relator term
9 (RLIN) 8473
245 10 - TITLE STATEMENT
Title Essential concepts in clinical research :
Remainder of title randomised controlled trials and observational epidemiology /
Statement of responsibility, etc. Kenneth F. Schulz, David A. Grimes.
250 ## - EDITION STATEMENT
Edition statement Second edition.
264 #4 - PRODUCTION, PUBLICATION, DISTRIBUTION, MANUFACTURE, AND COPYRIGHT NOTICE
Date of production, publication, distribution, manufacture, or copyright notice 2019
Place of production, publication, distribution, manufacture Edinburgh :
Name of producer, publisher, distributor, manufacturer Elsevier,
300 ## - PHYSICAL DESCRIPTION
Extent 256 pages :
Other physical details illustrations (chiefly color) ;
Dimensions 23 cm.
653 ## - INDEX TERM--UNCONTROLLED
keyword მედიცინა
653 ## - INDEX TERM--UNCONTROLLED
keyword კლინიკური კვლევები
700 1# - ADDED ENTRY--PERSONAL NAME
Personal name Grimes, David A.,
Relator term ავტორი
9 (RLIN) 8479
700 1# - ADDED ENTRY--PERSONAL NAME
Personal name Horton, Richard C.,
Relator term წინასიტყვ. ავტორი
9 (RLIN) 8480
942 ## - ADDED ENTRY ELEMENTS (KOHA)
Source of classification or shelving scheme
Koha item type წიგნი
ეგზემპლარები
Withdrawn status Lost status Source of classification or shelving scheme Damaged status Not for loan Permanent Location Current Location Shelving location Date acquired Cost, normal purchase price Full call number Barcode Date last seen Copy number Price effective from Koha item type Public note
          ბათუმის შოთა რუსთაველის სახელმწიფო უნივერსიტეტის მთავარი ბიბლიოთეკა ბათუმის შოთა რუსთაველის სახელმწიფო უნივერსიტეტის მთავარი ბიბლიოთეკა წიგნსაცავი 2020-06-17 120.00 61+614 S-31 60605 2020-06-17 60605 2020-06-17 წიგნი 120 ლ.